A generációk utazási szokásainak sajátosságai a Dabason élők példáján

Bibliographic Details
Main Author: Lőrinczki Renáta
Other Authors: Formádi Dr. Katalin
Format: Thesis
Kulcsszavak:Generációk
Motiváció
Szabadidő
Online Access:http://dolgozattar.uni-bge.hu/23053

MARC

LEADER 00000nta a2200000 i 4500
001 dolg23053
005 20200228103057.0
008 191119suuuu hu om 000 hun d
040 |a BGE Dolgozattár Repozitórium  |b hun 
041 |a hu 
100 1 |a Lőrinczki Renáta 
245 1 2 |a A generációk utazási szokásainak sajátosságai a Dabason élők példáján  |c Lőrinczki Renáta  |h [elektronikus dokumentum] 
695 |a Generációk 
695 |a Motiváció 
695 |a Szabadidő 
700 1 |a Formádi Dr. Katalin  |e ths 
856 4 0 |u http://dolgozattar.uni-bge.hu/23053/1/L%C5%91rinczki-Ren%C3%A1ta-Szakdolgozat-2019.pdf  |z Dokumentum-elérés